|
LDR
| 01198cam a2200349Ia 4500 |
|---|
| 001 | 133949 |
|---|
| 003 | CONS |
|---|
| 005 | 20140703073308.0 |
|---|
| 008 | 100914s2011 nyua a 000 1 eng d |
|---|
| 020 | | . |
‡a9780312624842 (hc) |
|---|
| 035 | | . |
‡a(CPomAG)LMN506224 |
|---|
| 100 | 1 | . |
‡aDay, Alexandra. |
|---|
| 245 | 1 | 0. |
‡aCarl and the baby duck /
‡cstory and pictures by Alexandra Day. |
|---|
| 250 | | . |
‡a1st edition |
|---|
| 260 | | . |
‡aNew York :
‡bSquare Fish,
‡c2011. |
|---|
| 300 | | . |
‡a32 pages :
‡bcolor illustrations ;
‡c24 cm. |
|---|
| 490 | 1 | . |
‡aMy readers |
|---|
| 650 | | 0. |
‡aCarl (Fictitious character : Day)
‡vJuvenile fiction. |
|---|
| 650 | | 0. |
‡aRottweiler dog
‡vJuvenile fiction. |
|---|
| 650 | | 0. |
‡aDucks
‡vJuvenile fiction. |
|---|
| 650 | | 1. |
‡aCarl (Fictitious character : Day)
‡vFiction. |
|---|
| 650 | | 1. |
‡aRottweiler dog
‡vFiction. |
|---|
| 650 | | 1. |
‡aDucks
‡vFiction. |
|---|
| 650 | | 1. |
‡aLost and found possessions
‡vFiction. |
|---|
| 650 | | 1. |
‡aDogs
‡vFiction. |
|---|
| 650 | | 1. |
‡aDucklings
‡vFiction. |
|---|
| 650 | | 1. |
‡aHelpfulness
‡vFiction. |
|---|
| 650 | | 1. |
‡aLost animals
‡vFiction. |
|---|
| 655 | | 0. |
‡aPicture books. |
|---|
| 830 | | 0. |
‡aMy readers. |
|---|
| 959 | | . |
‡i32269000889652
‡lBR Day
‡aJuvenile - Easy
‡tBeginning Reader
‡g18.00 |
|---|
| 852 | | . |
‡p32269000889652
‡jBR Day
‡gJuvenile - Easy
‡cBeginning Reader
‡y18.00
‡bSBPL |
|---|
| 901 | | . |
‡a133949
‡bUnknown
‡c133949
‡tbiblio |
|---|